Wards of Bexley, London (2002 - 2022) - Statistics

General Stats
  • This quiz has been taken 12 times
  • The average score is 5 of 21
Answer Stats
Answer % Correct
Erith
100%
Sidcup
100%
Crayford
86%
Belvedere
71%
Barnehurst
29%
East Wickham
29%
Thamesmead East
29%
Danson Park
14%
Falconwood and Welling
14%
Lesnes Abbey
14%
Northumberland Heath
14%
Blackfen and Lamorbey
0%
Blendon and Penhill
0%
Brampton
0%
Christchurch
0%
Colyners
0%
Cray Meadows
0%
Longlands
0%
North End
0%
St Mary's
0%
St Michael's
0%
No matching quizzes found
Score Distribution
Percent of People with Each Score
Percentile by Number Answered
Your Score History
You have not taken this quiz